| 000 | 00812nam a22002177a 4500 | ||
|---|---|---|---|
| 999 |
_c1049 _d1049 |
||
| 003 | AR-CdUCM | ||
| 008 | 190226b ||||| |||| 00| 0 spa d | ||
| 040 |
_aMUNICIPALIDAD PROVINCIAL DEL CUSCO _cBIBLIOTECA MUNICIPAL DEL CUSCO |
||
| 082 |
_21ra. ed. _a320.01 / _bL74 |
||
| 100 |
_aE. Lindblom, Charles _94098 |
||
| 245 |
_aTécnicas de Coordinación Política / _cE. Lindblom, Charles |
||
| 260 |
_aMexico D.F. : _bRoble , _c1966. |
||
| 300 |
_a477 paginas: _c18.5 cm. |
||
| 505 | _aAdministracion Publica -- Analisis Consecutivo -- Asociacion Estadunidense de Ciencias Politicas... | ||
| 650 |
_aCiencias Politicas. _94099 |
||
| 650 |
_aGestion Publica. _94100 |
||
| 650 |
_aTecnicas de coordinacion Politica. _94101 |
||
| 700 |
_aE. Lindblom, Charles _94098 |
||
| 942 |
_2ddc _cLIBROS |
||
| 945 |
_artm _d2019-02-26 |
||